All Animals Part 1 - Felines - Statistics

General Stats
  • This quiz has been taken 20 times
    19 since last reset
  • The average score is 14 of 54
Answer Stats
Answer % Correct
Cougar
82%
Cheetah
71%
Jaguar
65%
Snow Leopard
59%
African Lion
53%
Bengal Tiger
53%
Bobcat
47%
Clouded Leopard
47%
Siberian Tiger
47%
African Leopard
41%
Asiatic Lion
41%
Ocelot
41%
Serval
41%
Caracal
35%
Eurasian Lynx
35%
Fishing Cat
35%
Iberian Lynx
35%
Pallas Cat
35%
Sumatran Tiger
35%
Margay
29%
Sand Cat
29%
Canada Lynx
24%
Domestic Cat
24%
Jaguarundi
24%
African Golden Cat
18%
Arabian Leopard
18%
Asian Golden Cat
18%
Black Footed Cat
18%
Indian Leopard
18%
Jungle Cat
18%
Malayan Tiger
18%
Pampa's Cat
18%
Sunda Clouded Leopard
18%
African Wild Cat
12%
Amur Leopard
12%
Bay Cat
12%
Chinese Mountain Cat
12%
European Wild Cat
12%
Flat Headed Cat
12%
Geoffrey's Cat
12%
Indochinese Leopard
12%
Indochinese Tiger
12%
Kodkod
12%
Leopard Cat
12%
Marbled Cat
12%
Oncilla
12%
Rusty Spotted Cat
12%
Southern Tigrina
12%
Sri Lankan Leopard
12%
Sunda Leopard Cat
12%
Andean Mountain Cat
6%
Persian Leopard
6%
South China Tiger
6%
Sunda Island Tiger
0%
No matching quizzes found
Score Distribution
Percent of People with Each Score
Percentile by Number Answered
Your Score History
You have not taken this quiz since the last reset